[Event "Challenge"]
[Site "http://www.queenalice.com/game.php?id=1807314"]
[Date "2023.3.6"]
[Round "-"]
[White "Paperbag"]
[Black "Connor"]
[Result "0-1"]
[WhiteElo "1100"]
[BlackElo "1577"]

1. e4 e5 2. d4 c6 3. d5 cxd5 4. Qxd5 Nc6 5. Qb5 Nf6 6. Qc4 Be7 7. Bg5 O-O 8. Nd2
d5 9. Qa4 dxe4 10. Nh3 Bd7 11. Bc4 Nd4 12. Bb5 Bxb5 13. Qa5 Qxa5 14. c3 Nc2+ 15.
Kd1 Nxa1 16. Kc1 Qxa2 17. Nb1 Bd3 18. Kd2 Qxb2+ 19. Ke3 Nd5# 0-1

[Event "Challenge"]
[Site "http://www.queenalice.com/game.php?id=1807315"]
[Date "2023.3.6"]
[Round "-"]
[White "Connor"]
[Black "Paperbag"]
[Result "1-0"]
[WhiteElo "1587"]
[BlackElo "1100"]

1. d4 Nf6 2. e3 Ng4 3. Qxg4 h5 4. Qe2 h4 5. c4 Rh5 6. Qxh5 h3 7. Nxh3 g6 8. Qe2
Nc6 9. Nc3 e6 10. Qf3 Qh4 11. a3 e5 12. d5 Ne7 13. Ne4 c6 14. dxc6 Nxc6 15. Nhg5
Bh6 16. Qxf7+ Kd8 17. Qxg6 Bxg5 18. Nxg5 d6 19. Qxd6+ Ke8 20. Nf3 Nd4 21. Nxh4
Nc2+ 22. Kd2 Nxa1 23. Kc3 b6 24. Ng6 Kf7 25. Bd3 Nb3 26. Kxb3 b5 27. Nxe5+ Kg8
28. Qg6+ Kf8 29. Qf7# 1-0

[Event "Challenge"]
[Site "http://www.queenalice.com/game.php?id=1808088"]
[Date "2023.3.17"]
[Round "-"]
[White "Paperbag"]
[Black "Connor"]
[Result "0-1"]
[WhiteElo "1100"]
[BlackElo "1629"]

1. c4 e5 2. Qa4 Nf6 3. c5 Nc6 4. Qh4 Bxc5 5. Qc4 Be7 6. Nf3 O-O 7. Ng5 d5 8. Qb3
a6 9. Nc3 b5 10. d3 Bb7 11. Be3 d4 12. Bd2 dxc3 13. Bxc3 b4 14. Bd2 a5 15. Rc1
Nd4 16. Qc4 c6 17. a3 Nd5 18. Be3 Bxg5 19. f4 Bxf4 20. Bd2 Bxd2+ 21. Kxd2 Qg5+
22. e3 Qxe3+ 23. Kd1 Nf3 24. Be2 Qd2# 0-1

[Event "Challenge"]
[Site "http://www.queenalice.com/game.php?id=1808089"]
[Date "2023.3.17"]
[Round "-"]
[White "Connor"]
[Black "Paperbag"]
[Result "1-0"]
[WhiteElo "1629"]
[BlackElo "1100"]

1. d4 d5 2. e3 Bd7 3. Nf3 Bg4 4. c4 dxc4 5. Bxc4 b5 6. Bxb5+ Nd7 7. Nc3 a6 8.
Be2 e5 9. dxe5 Qe7 10. O-O Qb4 11. a3 Qa5 12. Bd2 Nxe5 13. b4 Qb6 14. Nxe5 f6
15. Nxg4 Rd8 16. h3 Nh6 17. Nxh6 gxh6 18. Qa4+ c6 19. Rfd1 Rg8 20. Ne4 Rd5 21.
Nxf6+ Kf7 22. Nxd5 Qd8 23. Qxc6 Rg6 24. Bh5 Bd6 25. Bxg6+ Kxg6 26. Qxa6 Qf6 27.
Bc3 Be5 28. Nxf6 Bxf6 29. Qxf6+ Kh5 30. g4# 1-0

[Event "Hola Cabron"]
[Site "http://www.queenalice.com/game.php?id=1808614"]
[Date "2023.3.25"]
[Round "-"]
[White "Paperbag"]
[Black "Connor"]
[Result "0-1"]
[WhiteElo "1100"]
[BlackElo "1669"]

1. e4 e5 2. d3 d6 3. c3 Nf6 4. Nf3 Be7 5. Ng5 O-O 6. Na3 a6 7. Nc4 Bg4 8. Qa4 b5
9. Qb4 bxc4 10. dxc4 Nc6 11. Qb7 Bd7 12. f3 a5 13. Be3 Bc8 14. Qxc6 Bd7 15. Qb7
Rb8 16. Qa7 c5 17. f4 exf4 18. Bxf4 Rxb2 19. g3 Ng4 20. Bd3 Nxh2 21. Rc1 Bxg5
22. Bxd6 Re8 23. Qxc5 Nf3+ 24. Kd1 Rd2# 0-1

[Event "Donde Esta Mi El Queenio?"]
[Site "http://www.queenalice.com/game.php?id=1809175"]
[Date "2023.4.2"]
[Round "-"]
[White "Connor"]
[Black "Paperbag"]
[Result "1-0"]
[WhiteElo "1698"]
[BlackElo "1100"]

1. d4 d5 2. e3 c6 3. Nf3 Nd7 4. c4 b6 5. cxd5 cxd5 6. Nc3 e6 7. a3 Qf6 8. Nb5 a6
9. Nc7+ Kd8 10. Nxa8 Ne7 11. Qc2 Nf5 12. Qc7+ Ke7 13. Qxc8 g6 14. Bd2 Bg7 15.
Bb4+ Nc5 16. Qc7+ Kf8 17. dxc5 Bh6 18. Bc3 d4 19. Nxd4 Kg7 20. Nxe6+ Kg8 21.
Qc8+ Bf8 22. Qxf8# 1-0

[Event "Hey!  Who stole my Country?!?"]
[Site "http://www.queenalice.com/game.php?id=1809176"]
[Date "2023.4.2"]
[Round "-"]
[White "Paperbag"]
[Black "Connor"]
[Result "0-1"]
[WhiteElo "1100"]
[BlackElo "1668"]

1. e4 e5 2. d4 d6 3. d5 Nf6 4. Qd3 Be7 5. Qb5+ c6 6. Qc4 Bd7 7. dxc6 Bxc6 8. Bg5
Nxe4 9. Be3 Qa5+ 10. Ke2 Bb5 11. Qd3 Bxd3+ 12. cxd3 Nf6 13. Nf3 Nc6 14. Nc3 O-O
15. Nd2 d5 16. Nb3 Qd8 17. Nc5 d4 18. Nxb7 Qb6 19. b3 dxe3 20. fxe3 Qxb7 21. g3
Qb4 22. Na4 Nd5 23. Nb6 Qxb6 24. Rb1 Nc3+ 25. Kd2 Nxb1+ 26. Kc2 Na3+ 27. Kc3
Qxe3 28. Bh3 Rad8 29. Rf1 Qxd3+ 30. Kb2 Qc2+ 31. Ka1 Rd1+ 32. Rxd1 Qxd1+ 33. Kb2
Qc2+ 34. Ka1 Qb1# 0-1

[Event "Adios Gringo"]
[Site "http://www.queenalice.com/game.php?id=1811865"]
[Date "2023.5.13"]
[Round "-"]
[White "Paperbag"]
[Black "Connor"]
[Result "0-1"]
[WhiteElo "1100"]
[BlackElo "1622"]

1. e4 e5 2. f4 exf4 3. Nh3 d6 4. Nxf4 Nf6 5. Bb5+ Bd7 6. Bc4 Nc6 7. Qf3 Ne5 8.
Qc3 Nxe4 9. Qd4 Nxc4 10. Qxe4+ Ne5 11. Qxb7 Bc6 12. Qa6 Qf6 13. g3 Bxh1 14. Qf1
Be4 15. Qe2 Bxc2 16. Na3 Kd7 17. Nd5 Qf3 18. Qb5+ Kd8 19. Nb6 Nd3+ 20. Qxd3 Bxd3
21. Nxa8 Qe2# 0-1

[Event "Texas"]
[Site "http://www.queenalice.com/game.php?id=1811866"]
[Date "2023.5.13"]
[Round "-"]
[White "Connor"]
[Black "Paperbag"]
[Result "1-0"]
[WhiteElo "1620"]
[BlackElo "1100"]

1. d4 d5 2. e3 e5 3. dxe5 d4 4. exd4 Nc6 5. Nf3 Bb4+ 6. c3 Ba5 7. Bb5 a6 8.
Bxc6+ bxc6 9. Qa4 Qd5 10. O-O Bd7 11. Qc2 Ne7 12. Nbd2 g6 13. Ne4 Bf5 14. Re1
Rb8 15. Qe2 Rb6 16. Nf6+ Kd8 17. Nxd5 cxd5 18. Bg5 h6 19. Bxe7+ Kxe7 20. b4 Bxb4
21. cxb4 Rxb4 22. Qxa6 Rb6 23. Qa7 Re6 24. Qxc7+ Kf8 25. Rec1 Re8 26. Qd6+ Re7
27. Qxd5 Rd7 28. Qb5 Rd8 29. a4 Bd7 30. Qb6 Bxa4 31. Rxa4 Re8 32. Qf6 Rg8 33.
Ra7 g5 34. Qxf7# 1-0

[Event "Rogers Park"]
[Site "http://www.queenalice.com/game.php?id=1813974"]
[Date "2023.6.14"]
[Round "-"]
[White "Paperbag"]
[Black "Connor"]
[Result "0-1"]
[WhiteElo "1100"]
[BlackElo "1678"]

1. d3 d5 2. d4 e6 3. e3 Nf6 4. Qd3 Nbd7 5. Qb5 Be7 6. Nf3 c6 7. Qa4 O-O 8. Ne5
a6 9. Nc3 b5 10. Qb4 Bxb4 11. Nxd7 Bxc3+ 12. Ke2 Qxd7 13. bxc3 Ne4 14. Kd3 Nxf2+
15. Ke2 Nxh1 16. Ba3 Re8 17. Kf3 e5 18. Bd3 Qg4# 0-1

[Event "Sullivan"]
[Site "http://www.queenalice.com/game.php?id=1813975"]
[Date "2023.6.14"]
[Round "-"]
[White "Connor"]
[Black "Paperbag"]
[Result "1-0"]
[WhiteElo "1680"]
[BlackElo "1100"]

1. d4 d5 2. e3 c6 3. Nf3 Bf5 4. c4 Be4 5. cxd5 Qxd5 6. Be2 Qa5+ 7. Nc3 Bf5 8.
Bd2 Na6 9. a3 Rd8 10. b4 Qb6 11. O-O c5 12. Na4 Qd6 13. bxc5 Qc6 14. Ne5 Qd5 15.
Bc4 Nxc5 16. Bxd5 Nxa4 17. Qxa4+ Bd7 18. Bxf7# 1-0

[Event "Mixed Drinks"]
[Site "http://www.queenalice.com/game.php?id=1816264"]
[Date "2023.7.14"]
[Round "-"]
[White "Paperbag"]
[Black "Connor"]
[Result "0-1"]
[WhiteElo "1100"]
[BlackElo "1762"]

1. e4 e5 2. d3 d6 3. Nc3 Be7 4. Nb5 Nf6 5. Nf3 O-O 6. Ng5 Bd7 7. Qd2 Bxb5 8. Qb4
Bc6 9. Be3 a5 10. Qc4 Ng4 11. Bd2 Bxg5 12. Bxg5 Qxg5 13. Be2 b5 14. Qc3 f5 15.
d4 exd4 16. Qb3+ Kh8 17. Qe6 Bxe4 18. h3 Qh4 19. O-O-O Nxf2 20. g3 Qxg3 21. Rhg1
Qe3+ 22. Rd2 Nxh3 23. Qb3 Qxg1+ 24. Bd1 Nf2 25. c3 Nxd1 26. Qxd1 Qxd1+ 27. Rxd1
dxc3 28. bxc3 g5 29. Rd4 g4 30. Rd2 g3 31. Rg2 Bxg2 32. c4 bxc4 33. Kb2 f4 34.
a3 f3 35. Kc3 d5 36. Kd4 c6 37. Kc5 f2 38. a4 f1=Q 39. Kb6 Qf2+ 40. Kb7 Qa7# 0-1

[Event "Shots"]
[Site "http://www.queenalice.com/game.php?id=1816265"]
[Date "2023.7.14"]
[Round "-"]
[White "Connor"]
[Black "Paperbag"]
[Result "1-0"]
[WhiteElo "1651"]
[BlackElo "1100"]

1. d4 d5 2. e3 c6 3. Nf3 Bg4 4. c4 dxc4 5. Bxc4 Be6 6. Bxe6 fxe6 7. Nc3 Qd6 8.
Bd2 g6 9. Qb3 b6 10. Ne4 Qd7 11. Ne5 Qc7 12. Qxe6 Nf6 13. Nxf6+ Kd8 14. Nf7# 1-0

[Event "Hot!!"]
[Site "http://www.queenalice.com/game.php?id=1819275"]
[Date "2023.8.21"]
[Round "-"]
[White "Paperbag"]
[Black "Connor"]
[Result "0-1"]
[WhiteElo "1100"]
[BlackElo "1756"]

1. e4 e5 2. Nf3 d6 3. Nc3 Nf6 4. Nd5 Nxe4 5. Qe2 Nf6 6. Qb5+ c6 7. Qb3 Be6 8.
Qd3 Bxd5 9. Qf5 Nbd7 10. Bd3 e4 11. Bxe4 Bxe4 12. Nh4 Bxf5 13. Nxf5 Qb6 14. d3
Ne5 15. O-O Nfg4 16. Bg5 h6 17. Bf4 Qxb2 18. Rac1 Qxa2 19. f3 Nf6 20. Ra1 Qxc2
21. Rac1 Qxd3 22. Rcd1 Qxf5 23. Be3 d5 24. f4 Neg4 25. Bd2 O-O-O 26. Rfe1 Bc5+
27. Kf1 Nxh2+ 28. Ke2 Rde8+ 29. Be3 Rxe3+ 30. Kd2 Qd3+ 31. Kc1 Ba3# 0-1

[Event "Vodka and Gatorade "]
[Site "http://www.queenalice.com/game.php?id=1819276"]
[Date "2023.8.21"]
[Round "-"]
[White "Connor"]
[Black "Paperbag"]
[Result "1-0"]
[WhiteElo "1737"]
[BlackElo "1100"]

1. d4 d5 2. e3 e6 3. Nf3 Nf6 4. c4 dxc4 5. Bxc4 Qd6 6. O-O Ng4 7. Nc3 Qb4 8. Be2
Bd6 9. a3 Qb6 10. b4 Na6 11. Bb2 Nxb4 12. axb4 Qxb4 13. Rb1 Qa5 14. Ne4 Nxh2 15.
Nxh2 Qa2 16. Nxd6+ cxd6 17. Nf3 Bd7 18. Bc3 e5 19. dxe5 d5 20. Bb5 Bxb5 21. Rxb5
Kd7 22. Rxb7+ Kc8 23. Rb2 Rb8 24. Rxa2 Rb3 25. Qxb3 Kd8 26. Qxd5+ Kc8 27. Rxa7
Kb8 28. Qb7# 1-0

[Event "Ancient Chinese Secret"]
[Site "http://www.queenalice.com/game.php?id=1825494"]
[Date "2023.11.19"]
[Round "-"]
[White "Paperbag"]
[Black "Connor"]
[Result "0-1"]
[WhiteElo "1100"]
[BlackElo "1753"]

1. d4 d5 2. c3 e6 3. Nf3 Nf6 4. Bg5 Be7 5. Ne5 O-O 6. Na3 c5 7. e3 cxd4 8. cxd4
a6 9. Qa4 b5 10. Qb3 Bb7 11. Rc1 Ne4 12. f3 Nxg5 13. f4 Ne4 14. Rg1 Bxa3 15.
Qxa3 Qh4+ 16. g3 Qxh2 17. Bg2 Qxg3+ 18. Kf1 Qf2# 0-1

[Event "The Salvage Title Scam"]
[Site "http://www.queenalice.com/game.php?id=1825495"]
[Date "2023.11.19"]
[Round "-"]
[White "Connor"]
[Black "Paperbag"]
[Result "0-1"]
[WhiteElo "1733"]
[BlackElo "1100"]

1. d4 d5 2. e3 c6 3. Nf3 Nf6 4. c4 dxc4 5. Bxc4 Ne4 6. O-O Bg4 7. Nc3 Nf6 8. Be2
Qd5 9. Nxd5 Kd8 10. Nxf6 exf6 11. Qb3 Ke8 12. Qxb7 Bd6 13. Qxa8 Ke7 0-1

[Event "Challenge"]
[Site "http://www.queenalice.com/game.php?id=1828919"]
[Date "2024.1.10"]
[Round "-"]
[White "Paperbag"]
[Black "okiwiz"]
[Result "0-1"]
[WhiteElo "1100"]
[BlackElo "1596"]

1. e4 e6 2. e5 d5 3. d4 c5 4. dxc5 Bxc5 5. Nc3 Qc7 6. Nb5 Qxe5+ 7. Be3 Bxe3 8.
Nh3 Bb6+ 9. Qe2 Qxb2 10. Nc7+ Bxc7 11. Rd1 Ba5+ 12. c3 Bxc3+ 13. Rd2 Bxd2+ 14.
Kd1 Qc1# 0-1

[Event "Challenge"]
[Site "http://www.queenalice.com/game.php?id=1838023"]
[Date "2024.6.4"]
[Round "-"]
[White "Paperbag"]
[Black "Connor"]
[Result "0-1"]
[WhiteElo "1100"]
[BlackElo "1857"]

1. d4 d5 2. Nc3 e6 3. Bf4 Nf6 4. e3 c5 5. Qd3 Nc6 6. dxc5 Bxc5 7. Na4 Bd6 8. a3
Bxf4 9. Nh3 Bd6 10. Nf4 Bxf4 11. exf4 O-O 12. Qb5 Nd4 13. Qd3 Nf5 14. Nc5 Nd7
15. g3 Nxc5 16. Qc3 b6 17. Qb4 Re8 18. Bb5 Bd7 19. Qxc5 bxc5 20. Ba6 Qa5+ 21.
Kf1 Qxa6+ 22. Kg2 Qe2 23. Rae1 Qxc2 24. Rc1 Qxb2 25. g4 Ne3+ 26. Kf3 Nc4 27.
Rxc4 dxc4 28. Rf1 Qxa3+ 29. Kg2 Reb8 30. f5 exf5 31. gxf5 Bxf5 32. Kh1 Rb6 33.
Kg2 Rg6+ 34. Kh1 Qf3# 0-1

[Event "Challenge"]
[Site "http://www.queenalice.com/game.php?id=1838024"]
[Date "2024.6.4"]
[Round "-"]
[White "Connor"]
[Black "Paperbag"]
[Result "1-0"]
[WhiteElo "1856"]
[BlackElo "1100"]

1. d4 d5 2. e3 c6 3. Nf3 Bf5 4. c4 dxc4 5. Bxc4 Nh6 6. Nc3 Na6 7. a3 c5 8. O-O
Qd6 9. Qb3 Nb4 10. axb4 e6 11. bxc5 Qc6 12. Bb5 Qd7 13. Bxd7+ Kxd7 14. Qxb7+ Ke8
15. Qxa8+ Ke7 16. Ne5 Ng4 17. Rxa7+ Kf6 18. Nxg4+ Kg5 19. Ne5 Bg6 20. c6 f6 21.
Nxg6 hxg6 22. c7 Kh5 23. c8=Q e5 24. Qh3+ Kg5 25. Ne4# 1-0